000 00750nam a2200241 a 4500
001 000021509
005 20200930011342.0
008 100908s1995 sp 000 j spa d
020 _a8420646709
040 _aDO-SdBNP
_bspa
_cBNPHU
082 _aN863.3
_bD218v
100 1 _aDarío, Rubén,
_d1867-1916
_915535
245 1 0 _aVerónica y otros cuentos fantásticos /
_cRubén Darío ; prólogo José Olivio Jiménez.
260 _aMadrid :
_bAlianza,
_c1995.
300 _a63, [1] p. ;
_c15 cm.
490 1 _aAlianza cien
_v70
650 4 _aCuentos nicaragüenses
_99879
650 4 _aLiteratura nicaragüense
_98122
700 1 _aOlivio Jiménez, José,
_epról.
_944828
830 0 _aAlianza cien ;
_v70
_912832
910 _aWM
049 _aBNGR
999 _c21009
_d21009